000 00378nam a22001577a 4500
005 20161022150454.0
008 161022b xxu||||| |||| 00| 0 eng d
020 _a0-07-99821-1
041 _aeng
100 _aGAUDIN,A.M
_93618
245 _aPRINCIPLES OF MINERAL DRESSING
260 _bTATA MCGRAW HILL
300 _a350
650 _aMINNING ENGINEERING
_93619
942 _cBK
999 _c5278
_d5276